000 00227 a2200109 4500
020 _a9780061804311
041 _aspa
100 _aLAURA, Numeroff
245 _aSI LE DAS UN PASTELITO A UN GATO
942 _cBK
952 _74
_xok
999 _c25920
_d25920